| 000 | 00864nam a2200253 a 4500 | ||
|---|---|---|---|
| 001 | 000018437 | ||
| 005 | 20200929165816.0 | ||
| 008 | 100506s1944 sp 000 d spa d | ||
| 040 |
_aDO-SdBNP _bspa |
||
| 082 |
_a862.3 _bR741t, 1944 |
||
| 100 | 1 |
_aRojas Zorrilla, Francisco de, _d1607-1648 _939913 |
|
| 245 | 1 | 0 |
_aTeatro / _cFrancisco de Rojas ; edición, prólogo y notas de F. Ruiz Morcuende. |
| 250 | _a3a. ed., corregida y ampliada | ||
| 260 |
_aMadrid : _bEspasa-Calpe, _c1944. |
||
| 300 |
_alii, 220, [1] p. ; _c19 cm. |
||
| 490 | 1 |
_aClásicos castellanos _v35 |
|
| 504 | _aIncluye referencias bibliográficas y notas al pie de las páginas. | ||
| 650 | 4 |
_aTeatro español _93071 |
|
| 650 | 4 |
_aLiteratura española _9632 |
|
| 700 | 1 |
_aRuiz Morcuende, F., _eed. _939914 |
|
| 830 | 0 |
_aClásicos castellanos ; _v35 _94180 |
|
| 910 | _aWM | ||
| 049 | _aBNGR | ||
| 999 |
_c17957 _d17957 |
||